000 00360 a2200133 4500
005 20250602155731.0
020 _a978-9987-03-025-5
082 _a658.3 TUM
100 _aTUMAINI, U. J.
245 _aA Textbook of Human Resource Management.
260 _aDar es Salaam,
_bCollege of Business Education,
_c2012.
300 _axiv, 185p.:
_c20cm
942 _2ddc
_cBKS
999 _c3043
_d3043